| 000 | 00522cam a2200193ua 4500 | ||
|---|---|---|---|
| 001 | 1506 | ||
| 008 | 110711n ii |||gr||||Z||||||asm | ||
| 040 | _cMAIN | ||
| 082 | _a338.9 | ||
| 100 | 1 | 2 | _aBorgohain, Karuna Kanta., |
| 245 | 1 |
_aArthanaitik unnayan aru parikalpana. _cBy Karuna Kanta Borgohain. |
|
| 250 | _a1st. | ||
| 260 |
_aDibrugarh: _bBanalata.,988. |
||
| 300 |
_a220 p.: _c23 cm. |
||
| 653 | _aEconomics. | ||
| 653 | _aArthanaitik unnayan aru parikalpana. | ||
| 700 | 1 | _aPhukan, Ranjan Kumar., | |
| 942 | _cBK | ||
| 999 |
_c1395 _d1395 |
||